[Event "DEN-ch G5-1"]
[Site "Svendborg"]
[Date "2022.04.10"]
[Round "2"]
[White "Perzynski, Oskar"]
[Black "Lauritsen, Johan"]
[Result "1-0"]
[WhiteElo "1400"]
[BlackElo "1446"]
[PlyCount "47"]
[EventDate "2022.04.09"]
[EventType "swiss"]
[EventRounds "5"]
[EventCountry "DEN"]
[SourceTitle "EXT 2024"]
[Source "ChessBase"]
[SourceDate "2023.10.10"]
[SourceVersion "1"]
[SourceVersionDate "2023.10.10"]
[SourceQuality "1"]

1. d4 Nf6 2. Nf3 g6 3. Be3 Bg7 4. Nc3 d6 5. Qd2 Nbd7 6. Bh6 0-0 7. Bxg7 Kxg7 8. 0-0-0 c6 9. h4 Re8 10. e4 Nf8 11. e5 Nd5 12. Nxd5 cxd5 13. h5 Bg4 14. hxg6 fxg6 15. Qh6+ Kg8 16. Bd3 Bxf3 17. gxf3 Kf7 18. Qf4+ Kg8 19. Rdg1 dxe5 20. dxe5 e6 21. Bxg6 hxg6 22. Rh6 Kg7 23. Rgh1 Re7 24. Qf6+ 1-0